| 000 | 00676nam a2200229 a 4500 | ||
|---|---|---|---|
| 001 | BS0003775 | ||
| 003 | BR-BrBNA | ||
| 005 | 20230822143332.0 | ||
| 008 | 230308b |||||||| |||| 00| 0 por d | ||
| 040 |
_aBR-BrBNA _bpor _cBiblioteca Nacional de Agricultura |
||
| 041 | _apor | ||
| 072 | _aR10 | ||
| 090 | _aR10 BS0003775 | ||
| 100 | 1 | _aMoura, Fernando | |
| 245 | 1 | _aVade-Mécum Lingua Portuguesa. Título III: Compreesão e interpretação de textos / | |
| 250 | 1 | _a1. ed. | |
| 260 | 3 |
_aBrasília, DF: _bInstituto Fernando Moura de Estudos Linguísticos, _c2011. |
|
| 300 | _a365 p. | ||
| 650 | _aPORTUGUÊS | ||
| 650 | _aINTERPRETAÇÃO DE TEXTOS | ||
| 942 |
_cBK _2AGRIS |
||
| 999 |
_c8840 _d8840 |
||